<?xml version="1.0" encoding="UTF-8"?><?xml-stylesheet type="text/xsl" href="static/style.xsl"?><OAI-PMH xmlns="http://www.openarchives.org/OAI/2.0/" xmlns:xsi="http://www.w3.org/2001/XMLSchema-instance" xsi:schemaLocation="http://www.openarchives.org/OAI/2.0/ http://www.openarchives.org/OAI/2.0/OAI-PMH.xsd"><responseDate>2026-04-18T05:53:50Z</responseDate><request verb="GetRecord" identifier="oai:www.recercat.cat:2072/458241" metadataPrefix="marc">https://recercat.cat/oai/request</request><GetRecord><record><header><identifier>oai:recercat.cat:2072/458241</identifier><datestamp>2024-11-01T00:53:46Z</datestamp><setSpec>com_2072_98</setSpec><setSpec>col_2072_378192</setSpec></header><metadata><record xmlns="http://www.loc.gov/MARC21/slim" xmlns:dcterms="http://purl.org/dc/terms/" xmlns:xsi="http://www.w3.org/2001/XMLSchema-instance" xmlns:doc="http://www.lyncode.com/xoai" xsi:schemaLocation="http://www.loc.gov/MARC21/slim http://www.loc.gov/standards/marcxml/schema/MARC21slim.xsd">
   <leader>00925njm 22002777a 4500</leader>
   <datafield ind2=" " ind1=" " tag="042">
      <subfield code="a">dc</subfield>
   </datafield>
   <datafield ind2=" " ind1=" " tag="720">
      <subfield code="a">Herrera-Chacon, Anna</subfield>
      <subfield code="e">author</subfield>
   </datafield>
   <datafield ind2=" " ind1=" " tag="720">
      <subfield code="a">Campos, Inmaculada</subfield>
      <subfield code="e">author</subfield>
   </datafield>
   <datafield ind2=" " ind1=" " tag="720">
      <subfield code="a">González-Calabuig, Andreu</subfield>
      <subfield code="e">author</subfield>
   </datafield>
   <datafield ind2=" " ind1=" " tag="720">
      <subfield code="a">Torres, Mireia</subfield>
      <subfield code="e">author</subfield>
   </datafield>
   <datafield ind2=" " ind1=" " tag="720">
      <subfield code="a">Valle Zafra, Manuel del</subfield>
      <subfield code="e">author</subfield>
   </datafield>
   <datafield ind2=" " ind1=" " tag="260">
      <subfield code="c">2021</subfield>
   </datafield>
   <datafield ind2=" " ind1=" " tag="520">
      <subfield code="a">This article belongs to the Proceedings of The 8th International Symposium on Sensor Science</subfield>
   </datafield>
   <datafield ind2=" " ind1=" " tag="520">
      <subfield code="a">This work attempts the identification of the production year, the cultivar's region and the aging method used in the elaboration of different Spanish red wines, all from the "tempranillo" grape variety. The identification of such characteristics relies on the use of a voltammetric electronic tongue (ET) system formed by modified graphite-epoxy electrodes (GEC) and metallic electrodes to collect a set of six voltammograms per sample, and different chemometric tools to accomplish the final identifications. A large sample set that included 199 different wine samples from commercial and own elaboration origin were analysed with the electronic tongue system, using the cyclic voltammetry technique and without any sample pre-treatment. To process the extremely complex and high-dimensionality generated data, a compression strategy was used for the acquired voltammograms, using discrete wavelet transform (DWT). This treatment reduced the information to ca. 10%, preserving significant features from the voltammetric signals. Compressed data was evaluated firstly by unsupervised methods, i.e., principal component analysis (PCA), without much success as it was found that such methods were unable to unravel the patterns contained within such complex data samples. Finally, the processed electrochemical information was evaluated by supervised methods to accomplish the proper identification; among those methods were linear discriminant analysis (LDA), supported vector machines (SVM) or artificial neural networks (ANN). The best results were obtained using artificial neural networks (ANNs), achieving 96.1% of correct classification for bottled year, 86.8% for elaboration region (protected designation of origin) and 98.6% for maturation type with or without use of wood barrel.</subfield>
   </datafield>
   <datafield ind1="8" ind2=" " tag="024">
      <subfield code="a">http://hdl.handle.net/2072/458241</subfield>
   </datafield>
   <datafield tag="653" ind2=" " ind1=" ">
      <subfield code="a">Voltammetry</subfield>
   </datafield>
   <datafield tag="653" ind2=" " ind1=" ">
      <subfield code="a">Multisensor array</subfield>
   </datafield>
   <datafield tag="653" ind2=" " ind1=" ">
      <subfield code="a">Electronic tongue</subfield>
   </datafield>
   <datafield tag="653" ind2=" " ind1=" ">
      <subfield code="a">Artificial neural networks</subfield>
   </datafield>
   <datafield tag="653" ind2=" " ind1=" ">
      <subfield code="a">Wines</subfield>
   </datafield>
   <datafield ind2="0" ind1="0" tag="245">
      <subfield code="a">Coupling of sensors and machine learning algorithms in the qualitative analysis of wine</subfield>
   </datafield>
</record></metadata></record></GetRecord></OAI-PMH>